[Event "DSJ Weihnachtsturnier U20 2020"]
[Site "https://play.chessbase.com/en/play?room=DSJWeihnachtU20"]
[Date "2020.12.29"]
[Round "5"]
[White "Stirnberg, Noah"]
[Black "Hoffmann, Lennard"]
[Result "0-1"]
[Termination "time forfeit"]
[Board "6.4"]
[WhiteElo "1869"]
[BlackElo "2022"]
[WhiteTeam "SK Blauer Springer Paderborn 1926"]
[BlackTeam "SG Aufbau Elbe Magdeburg"]
[PlyCount "160"]
[WhiteFideId "16207742"]
[BlackFideId "12943495"]
[EventRounds "7"]
[EventType "team-swiss"]
[EventDate "2020.12.29"]

1. e4 {[%emt 0:00:07]} c5 {[%emt 0:00:01]} 2. Nf3 {[%emt 0:00:03]} d6 {[%emt
0:00:03]} 3. d4 {[%emt 0:00:03]} cxd4 {[%emt 0:00:00]} 4. Nxd4 {[%emt 0:00:01]}
Nf6 {[%emt 0:00:00]} 5. Nc3 {[%emt 0:00:01]} a6 {[%emt 0:00:00]} 6. Be3 { [%emt
0:00:03]} e5 {[%emt 0:00:01]} 7. Nb3 {[%emt 0:00:05]} Be6 {[%emt 0:00:02] } 8.
f3 {[%emt 0:00:04]} Be7 {[%emt 0:00:01]} 9. Qd2 {[%emt 0:00:02]} O-O { [%emt
0:00:01]} 10. O-O-O {[%emt 0:00:02]} Nbd7 {[%emt 0:00:01]} 11. Kb1 { [%emt
0:00:06]} Qc7 {[%emt 0:00:02]} 12. Nd5 {[%emt 0:00:10]} Bxd5 {[%emt 0:00:05]}
13. exd5 {[%emt 0:00:01]} b5 {[%emt 0:00:05]} 14. g4 {[%emt 0:01:40]} Nb6
{[%emt 0:00:04]} 15. Bxb6 {[%emt 0:00:20]} Qxb6 {[%emt 0:00:05]} 16. g5 { [%emt
0:00:13]} Nh5 {[%emt 0:00:09]} 17. Bd3 {[%emt 0:00:23]} a5 {[%emt 0:00:11]} 18.
Be4 {[%emt 0:00:34]} a4 {[%emt 0:00:04]} 19. Nc1 {[%emt 0:00:04]} b4 { [%emt
0:00:08]} 20. Nd3 {[%emt 0:00:13]} b3 {[%emt 0:00:08]} 21. cxb3 {[%emt
0:00:11]} axb3 {[%emt 0:00:00]} 22. a3 {[%emt 0:00:02]} Rfc8 {[%emt 0:00:11]}
23. Rc1 {[%emt 0:00:03]} Qd4 {[%emt 0:01:37]} 24. Bf5 {[%emt 0:01:04]} Rxc1+ {
[%emt 0:00:15]} 25. Rxc1 {[%emt 0:00:03]} g6 {[%emt 0:00:07]} 26. Be4 {[%emt
0:00:28]} f5 {[%emt 0:00:11]} 27. gxf6 {[%emt 0:00:09]} Nxf6 {[%emt 0:00:03]}
28. Rc7 {[%emt 0:00:34]} Bf8 {[%emt 0:01:22]} 29. Qb4 {[%emt 0:01:19]} Qg1+ {
[%emt 0:02:16]} 30. Rc1 {[%emt 0:00:03]} Qxh2 {[%emt 0:00:01]} 31. Qxb3 { [%emt
0:00:07]} Bh6 {[%emt 0:00:27]} 32. Rc7 {[%emt 0:00:19]} Nxe4 {[%emt 0:00:16]}
33. fxe4 {[%emt 0:00:04]} Qh1+ {[%emt 0:00:02]} 34. Ka2 {[%emt 0:00:10]} Qxe4
{[%emt 0:00:02]} 35. Qb7 {[%emt 0:00:15]} Rf8 {[%emt 0:00:07]} 36. Rxh7 { [%emt
0:01:02]} Qxd3 {[%emt 0:00:04]} 37. Rxh6 {[%emt 0:00:09]} Qc4+ {[%emt 0:00:06]}
38. Qb3 {[%emt 0:00:03]} Qxb3+ {[%emt 0:00:37]} 39. Kxb3 {[%emt 0:00:03]} Rb8+
{[%emt 0:00:03]} 40. Kc3 {[%emt 0:00:04]} Kg7 {[%emt 0:00:03]} 41. Rh1 {[%emt
0:00:23]} Rb5 {[%emt 0:00:15]} 42. Rd1 {[%emt 0:00:03]} Rc5+ { [%emt 0:00:01]}
43. Kb4 {[%emt 0:00:06]} Kf6 {[%emt 0:00:18]} 44. a4 {[%emt 0:00:02]} Ke7
{[%emt 0:00:01]} 45. a5 {[%emt 0:00:01]} Kd7 {[%emt 0:00:01]} 46. a6 {[%emt
0:00:01]} Kc7 {[%emt 0:00:05]} 47. a7 {[%emt 0:00:03]} Kb7 {[%emt 0:00:02]} 48.
Ra1 {[%emt 0:00:13]} Ka8 {[%emt 0:00:04]} 49. Rg1 {[%emt 0:00:05]} Kxa7 {[%emt
0:00:06]} 50. Rxg6 {[%emt 0:00:02]} Rxd5 {[%emt 0:00:01]} 51. Kc4 { [%emt
0:00:02]} Rd2 {[%emt 0:00:03]} 52. Kc3 {[%emt 0:00:02]} Rd4 {[%emt 0:00:04]}
53. b4 {[%emt 0:00:05]} Kb6 {[%emt 0:00:03]} 54. Rg8 {[%emt 0:00:02]
Paderb1-004 offers a draw} Kc7 {[%emt 0:00:08]} 55. Rg7+ {[%emt 0:00:01]} Kc6 {
[%emt 0:00:01]} 56. Rg8 {[%emt 0:00:02]} Rh4 {[%emt 0:00:05]} 57. Rc8+ { [%emt
0:00:02]} Kb7 {[%emt 0:00:03]} 58. Rd8 {[%emt 0:00:02]} Kc7 {[%emt 0:00:01]}
59. Ra8 {[%emt 0:00:02]} d5 {[%emt 0:00:05]} 60. Ra5 {[%emt 0:00:02]} Kc6
{[%emt 0:00:02]} 61. Rc5+ {[%emt 0:00:02]} Kd6 {[%emt 0:00:02]} 62. Ra5 { [%emt
0:00:01]} Rh3+ {[%emt 0:00:02]} 63. Kd2 {[%emt 0:00:01]} Rh8 {[%emt 0:00:07]}
64. Kd3 {[%emt 0:00:04]} Rb8 {[%emt 0:00:05]} 65. b5 {[%emt 0:00:05]} Kc5
{[%emt 0:00:03]} 66. b6+ {[%emt 0:00:02]} Kc6 {[%emt 0:00:02]} 67. b7 {[%emt
0:00:07]} Rxb7 {[%emt 0:00:02]} 68. Ra6+ {[%emt 0:00:01]} Rb6 {[%emt 0:00:01]}
69. Ra5 {[%emt 0:00:01]} Rb3+ {[%emt 0:00:02]} 70. Kd2 {[%emt 0:00:01]} Rh3 {
[%emt 0:00:01]} 71. Ra6+ {[%emt 0:00:01]} Kc5 {[%emt 0:00:01]} 72. Ra8 { [%emt
0:00:01]} d4 {[%emt 0:00:02]} 73. Rc8+ {[%emt 0:00:02]} Kd5 {[%emt 0:00:01]}
74. Rd8+ {[%emt 0:00:01]} Ke4 {[%emt 0:00:01]} 75. Rf8 {[%emt 0:00:02]} Rh2+
{[%emt 0:00:01]} 76. Ke1 {[%emt 0:00:01]} Ke3 {[%emt 0:00:02]} 77. Kd1 { [%emt
0:00:01]} d3 {[%emt 0:00:02]} 78. Rf1 {[%emt 0:00:01]} Ra2 {[%emt 0:00:03]} 79.
Re1+ {[%emt 0:00:05]} Kd4 {[%emt 0:00:01]} 80. Kc1 {[%emt 0:00:07]} d2+ {[%emt
0:00:03] TimeW} 0-1

[Event "DSJ Weihnachtsturnier U20 2020"]
[Site "https://play.chessbase.com/en/play?room=DSJWeihnachtU20"]
[Date "2020.12.29"]
[Round "5"]
[White "Gelman, Josef"]
[Black "Goldbeck, Lars"]
[Result "1-0"]
[Termination "normal"]
[Board "7.1"]
[BlackTitle "FM"]
[WhiteElo "2007"]
[BlackElo "2235"]
[WhiteTeam "SC Weisse Dame"]
[BlackTeam "SC Bavaria Regensburg von 1881"]
[PlyCount "43"]
[WhiteFideId "12959642"]
[BlackFideId "16208188"]
[EventRounds "7"]
[EventType "team-swiss"]
[EventDate "2020.12.29"]

1. d4 {[%emt 0:00:12]} Nf6 {[%emt 0:00:45]} 2. Nf3 {[%emt 0:00:06]} d5 { [%emt
0:00:03]} 3. Bg5 {[%emt 0:00:04]} Nbd7 {[%emt 0:00:17]} 4. e3 {[%emt 0:00:03]}
h6 {[%emt 0:00:02]} 5. Bh4 {[%emt 0:00:07]} e6 {[%emt 0:00:10]} 6. Nbd2 {[%emt
0:00:04]} b6 {[%emt 0:00:04]} 7. Bb5 {[%emt 0:00:15]} Bb7 {[%emt 0:00:02]} 8.
Ne5 {[%emt 0:00:07]} g5 {[%emt 0:00:11]} 9. Bg3 {[%emt 0:00:15]} a6 { [%emt
0:00:14]} 10. Bd3 {[%emt 0:00:31]} h5 {[%emt 0:00:20]} 11. h4 {[%emt 0:00:07]}
g4 {[%emt 0:00:03]} 12. f3 {[%emt 0:00:20]} Rg8 {[%emt 0:00:43]} 13. Nxd7
{[%emt 0:00:31]} Qxd7 {[%emt 0:00:05]} 14. Be5 {[%emt 0:00:25]} Be7 { [%emt
0:00:06]} 15. O-O {[%emt 0:00:33]} gxf3 {[%emt 0:00:03]} 16. Qxf3 { [%emt
0:00:10]} Qd8 {[%emt 0:00:06]} 17. Bxf6 {[%emt 0:00:05]} Bxf6 {[%emt 0:00:01]}
18. Qxf6 {[%emt 0:00:03]} Qd7 {[%emt 0:00:17]} 19. Nf3 {[%emt 0:00:05]} Qe7
{[%emt 0:00:15]} 20. Ne5 {[%emt 0:00:11]} Qxf6 {[%emt 0:00:04]} 21. Rxf6 {
[%emt 0:00:04]} Rg7 {[%emt 0:00:01]} 22. Raf1 {[%emt 0:00:05]} 1-0

[Event "DSJ Weihnachtsturnier U20 2020"]
[Site "https://play.chessbase.com/en/play?room=DSJWeihnachtU20"]
[Date "2020.12.29"]
[Round "5"]
[White "Arnhold, Steffi"]
[Black "Tham, Nam"]
[Result "0-1"]
[Termination "normal"]
[Board "7.2"]
[WhiteElo "2031"]
[BlackElo "1951"]
[WhiteTeam "SC Bavaria Regensburg von 1881"]
[BlackTeam "SC Weisse Dame"]
[PlyCount "140"]
[WhiteFideId "12931365"]
[BlackFideId "12997331"]
[EventRounds "7"]
[EventType "team-swiss"]
[EventDate "2020.12.29"]

1. e4 {[%emt 0:00:06]} e5 {[%emt 0:00:01]} 2. Nf3 {[%emt 0:00:02]} Nc6 { [%emt
0:00:01]} 3. Bc4 {[%emt 0:00:01]} Bc5 {[%emt 0:00:02]} 4. c3 {[%emt 0:00:01]}
Nf6 {[%emt 0:00:04]} 5. d3 {[%emt 0:00:01]} d6 {[%emt 0:00:03]} 6. Nbd2 { [%emt
0:00:04]} a6 {[%emt 0:00:04]} 7. Bb3 {[%emt 0:00:01]} Ba7 {[%emt 0:00:04] } 8.
O-O {[%emt 0:00:03]} h6 {[%emt 0:00:04]} 9. Re1 {[%emt 0:00:03]} O-O { [%emt
0:00:08]} 10. h3 {[%emt 0:00:02]} Nh5 {[%emt 0:00:03]} 11. Nf1 {[%emt 0:00:03]}
Qf6 {[%emt 0:00:03]} 12. Be3 {[%emt 0:00:06]} Nf4 {[%emt 0:00:02]} 13. Bxf4
{[%emt 0:00:27]} Qxf4 {[%emt 0:00:13]} 14. d4 {[%emt 0:00:06]} exd4 { [%emt
0:00:31]} 15. cxd4 {[%emt 0:00:05]} Re8 {[%emt 0:00:03]} 16. Qd3 { [%emt
0:00:17]} g5 {[%emt 0:01:38]} 17. e5 {[%emt 0:00:14]} Bf5 {[%emt 0:00:15] } 18.
Qc4 {[%emt 0:00:31]} Be6 {[%emt 0:00:22]} 19. d5 {[%emt 0:00:03]} Nxe5 { [%emt
0:00:01]} 20. Rxe5 {[%emt 0:00:07]} dxe5 {[%emt 0:00:24]} 21. Qxf4 { [%emt
0:00:14]} exf4 {[%emt 0:00:03]} 22. dxe6 {[%emt 0:00:01]} fxe6 {[%emt 0:00:05]}
23. Re1 {[%emt 0:00:03]} Kf7 {[%emt 0:00:04]} 24. Ne5+ {[%emt 0:00:12]} Kf6
{[%emt 0:00:05]} 25. Ng4+ {[%emt 0:00:06]} Kg7 {[%emt 0:00:12]} 26. Rxe6 {
[%emt 0:00:12]} Rxe6 {[%emt 0:00:06]} 27. Bxe6 {[%emt 0:00:00]} Re8 {[%emt
0:00:07]} 28. Bc4 {[%emt 0:00:05]} h5 {[%emt 0:00:07]} 29. Ngh2 {[%emt
0:00:02]} Kg6 {[%emt 0:00:10]} 30. Nf3 {[%emt 0:00:06]} g4 {[%emt 0:00:12]} 31.
Bd3+ { [%emt 0:00:11]} Kf6 {[%emt 0:00:08]} 32. hxg4 {[%emt 0:00:04]} hxg4
{[%emt 0:00:02]} 33. N3d2 {[%emt 0:00:03]} Re1 {[%emt 0:00:26]} 34. g3 {[%emt
0:00:23]} Ke5 {[%emt 0:00:26]} 35. gxf4+ {[%emt 0:00:07]} Kxf4 {[%emt 0:00:02]}
36. Kg2 { [%emt 0:00:01]} Rd1 {[%emt 0:00:30]} 37. Bc2 {[%emt 0:00:09]} Re1
{[%emt 0:00:08]} 38. Bd3 {[%emt 0:00:05]} b5 {[%emt 0:00:08]} 39. a4 {[%emt
0:00:14]} c6 { [%emt 0:00:16]} 40. axb5 {[%emt 0:00:04]} axb5 {[%emt 0:00:11]}
41. Ng3 { [%emt 0:00:24]} Bd4 {[%emt 0:00:12]} 42. b3 {[%emt 0:00:12]} Bc3
{[%emt 0:00:48]} 43. Ne2+ {[%emt 0:00:13]} Rxe2 {[%emt 0:00:04]} 44. Bxe2
{[%emt 0:00:00]} Bxd2 {[%emt 0:00:01]} 45. f3 {[%emt 0:00:14]} g3 {[%emt
0:00:08]} 46. Bd3 { [%emt 0:00:02]} Be1 {[%emt 0:00:07]} 47. Be4 {[%emt
0:00:03]} c5 {[%emt 0:00:02]} 48. Bc6 {[%emt 0:00:02]} c4 {[%emt 0:00:25]} 49.
bxc4 {[%emt 0:00:11]} bxc4 {[%emt 0:00:02]} 50. Ba4 {[%emt 0:00:02]} c3 {[%emt
0:00:02]} 51. Bc2 { [%emt 0:00:02]} Kg5 {[%emt 0:00:13]} 52. Bd3 {[%emt
0:00:04] Regensb1-002 offers a draw} Kh4 {[%emt 0:00:09]} 53. Bc2 {[%emt
0:00:02]} Bf2 {[%emt 0:00:02]} 54. Bd3 {[%emt 0:00:01]} Bd4 {[%emt 0:00:04]}
55. Bc2 {[%emt 0:00:02]} Be5 {[%emt 0:00:01]} 56. Bd3 {[%emt 0:00:17]} Kg5
{[%emt 0:00:01]} 57. Be4 { [%emt 0:00:25]} Kf4 {[%emt 0:00:01]} 58. Kf1 {[%emt
0:00:22]} Ke3 {[%emt 0:00:03]} 59. Kg2 {[%emt 0:00:04]} Kd2 {[%emt 0:00:03]}
60. Kf1 {[%emt 0:00:18]} c2 {[%emt 0:00:06]} 61. Bxc2 {[%emt 0:00:07]} Kxc2
{[%emt 0:00:01]} 62. Ke2 { [%emt 0:00:02]} Kc3 {[%emt 0:00:06]} 63. Ke1 {[%emt
0:00:05]} Kd3 {[%emt 0:00:02]} 64. Kf1 {[%emt 0:00:02]} Ke3 {[%emt 0:00:02]}
65. Kg2 {[%emt 0:00:01]} Bd6 {[%emt 0:00:03]} 66. Kg1 {[%emt 0:00:03]} Kxf3
{[%emt 0:00:02]} 67. Kf1 { [%emt 0:00:01]} g2+ {[%emt 0:00:02]} 68. Kg1 {[%emt
0:00:02]} Bc5+ {[%emt 0:00:01]} 69. Kh2 {[%emt 0:00:01]} g1=Q+ {[%emt 0:00:01]}
70. Kh3 {[%emt 0:00:01]} Qg3# {[%emt 0:00:02]} 0-1

[Event "DSJ Weihnachtsturnier U20 2020"]
[Site "https://play.chessbase.com/en/play?room=DSJWeihnachtU20"]
[Date "2020.12.29"]
[Round "5"]
[White "Tham, Minh"]
[Black "Steinhauer, Artur"]
[Result "0-1"]
[Termination "normal"]
[Board "7.3"]
[WhiteElo "1844"]
[BlackElo "1462"]
[WhiteTeam "SC Weisse Dame"]
[BlackTeam "SC Bavaria Regensburg von 1881"]
[PlyCount "168"]
[WhiteFideId "12997323"]
[BlackFideId "16263596"]
[EventRounds "7"]
[EventType "team-swiss"]
[EventDate "2020.12.29"]

1. d4 {[%emt 0:00:02]} d5 {[%emt 0:00:05]} 2. c4 {[%emt 0:00:02]} c6 {[%emt
0:00:02]} 3. Nc3 {[%emt 0:00:11]} Nf6 {[%emt 0:00:06]} 4. cxd5 {[%emt 0:00:02]}
cxd5 {[%emt 0:00:03]} 5. Bf4 {[%emt 0:00:07]} a6 {[%emt 0:00:03]} 6. e3 { [%emt
0:00:04]} Nc6 {[%emt 0:00:06]} 7. a3 {[%emt 0:00:15]} Bg4 {[%emt 0:00:05] } 8.
Nf3 {[%emt 0:00:07]} Qb6 {[%emt 0:00:03]} 9. Na4 {[%emt 0:00:48]} Qa7 { [%emt
0:00:02]} 10. h3 {[%emt 0:00:04]} Bh5 {[%emt 0:00:03]} 11. Bd3 {[%emt 0:00:04]}
e6 {[%emt 0:00:04]} 12. O-O {[%emt 0:00:04]} Be7 {[%emt 0:00:06]} 13. Rc1
{[%emt 0:00:07]} O-O {[%emt 0:00:08]} 14. b4 {[%emt 0:00:15]} Rfc8 { [%emt
0:00:04]} 15. Nc5 {[%emt 0:00:18]} Bg6 {[%emt 0:00:40]} 16. Bxg6 { [%emt
0:00:06]} hxg6 {[%emt 0:00:00]} 17. Ne5 {[%emt 0:00:16]} b6 {[%emt 0:00:32]}
18. Nb3 {[%emt 0:00:20]} Nxe5 {[%emt 0:00:06]} 19. Bxe5 {[%emt 0:00:06]} Nd7
{[%emt 0:00:03]} 20. Bg3 {[%emt 0:00:08]} Qb7 {[%emt 0:00:08]} 21. Qd2 { [%emt
0:00:07]} Rxc1 {[%emt 0:00:05]} 22. Rxc1 {[%emt 0:00:01]} Rc8 {[%emt 0:00:01]}
23. Rc2 {[%emt 0:00:27]} Nf6 {[%emt 0:00:09]} 24. Qc1 {[%emt 0:00:04]} Rxc2
{[%emt 0:00:05]} 25. Qxc2 {[%emt 0:00:01]} Ne4 {[%emt 0:00:05]} 26. Qc7 { [%emt
0:00:16]} Qxc7 {[%emt 0:00:33]} 27. Bxc7 {[%emt 0:00:00]} b5 {[%emt 0:00:10]}
28. Nc5 {[%emt 0:00:08]} Bxc5 {[%emt 0:00:13]} 29. bxc5 {[%emt 0:00:45]} Kf8
{[%emt 0:00:55]} 30. Kf1 {[%emt 0:00:06]} Ke8 {[%emt 0:00:05]} 31. Ke2 { [%emt
0:00:05]} Nc3+ {[%emt 0:00:12]} 32. Kd3 {[%emt 0:00:14]} Nb1 {[%emt 0:00:04]}
33. a4 {[%emt 0:00:41]} bxa4 {[%emt 0:00:06]} 34. Kc2 {[%emt 0:00:18]} Na3+
{[%emt 0:00:05]} 35. Kb2 {[%emt 0:00:14]} Nb5 {[%emt 0:00:10]} 36. Bg3 { [%emt
0:00:13]} Kd7 {[%emt 0:00:15]} 37. f3 {[%emt 0:00:02]} f6 {[%emt 0:00:08] } 38.
Bf2 {[%emt 0:00:11]} e5 {[%emt 0:00:03]} 39. h4 {[%emt 0:00:19]} Kc6 { [%emt
0:00:05]} 40. g4 {[%emt 0:00:12]} exd4 {[%emt 0:00:04]} 41. exd4 { [%emt
0:00:01]} f5 {[%emt 0:00:04]} 42. gxf5 {[%emt 0:00:20]} gxf5 {[%emt 0:00:00]}
43. f4 {[%emt 0:00:01]} g6 {[%emt 0:00:06]} 44. Be3 {[%emt 0:00:07]
WeisseD1-003 offers a draw} Nc7 {[%emt 0:00:06]} 45. Ka3 {[%emt 0:00:16]} Kb5 {
[%emt 0:00:02]} 46. Kb2 {[%emt 0:00:39]} Ne6 {[%emt 0:00:04]} 47. Kc3 {[%emt
0:00:02]} a5 {[%emt 0:00:30]} 48. Bc1 {[%emt 0:00:05]} a3 {[%emt 0:00:03]} 49.
Bxa3 {[%emt 0:00:07]} Nxf4 {[%emt 0:00:04]} 50. Kd2 {[%emt 0:00:24]} Ng2 {
[%emt 0:00:07]} 51. Ke2 {[%emt 0:00:14]} Nxh4 {[%emt 0:00:04]} 52. Bc1 { [%emt
0:00:07]} a4 {[%emt 0:00:03]} 53. Bg5 {[%emt 0:00:06]} Ng2 {[%emt 0:00:13]} 54.
Kf2 {[%emt 0:00:03]} a3 {[%emt 0:00:14]} 55. Bc1 {[%emt 0:00:19]} a2 { [%emt
0:00:01]} 56. Bb2 {[%emt 0:00:02]} Nf4 {[%emt 0:00:02]} 57. Ke3 {[%emt 0:00:05]
Regensb1-003 reconnected.} Ne6 {[%emt 0:00:13]} 58. Ba1 {[%emt 0:00:02]} g5
{[%emt 0:00:03]} 59. Bb2 {[%emt 0:00:03]} g4 {[%emt 0:00:03]} 60. Ba1 { [%emt
0:00:02]} f4+ {[%emt 0:00:02]} 61. Kf2 {[%emt 0:00:01]} Ng5 {[%emt 0:00:06]}
62. Kg2 {[%emt 0:00:05]} Ne4 {[%emt 0:00:03]} 63. Bb2 {[%emt 0:00:03]} f3+
{[%emt 0:00:02]} 64. Kf1 {[%emt 0:00:02]} g3 {[%emt 0:00:01]} 65. Ba1 {[%emt
0:00:01]} Nd2+ {[%emt 0:00:02]} 66. Ke1 {[%emt 0:00:04]} Nb3 {[%emt 0:00:01]}
67. Bb2 {[%emt 0:00:01]} a1=Q+ {[%emt 0:00:01]} 68. Bxa1 {[%emt 0:00:01]} Nxa1
{ [%emt 0:00:01]} 69. Kf1 {[%emt 0:00:03]} Nc2 {[%emt 0:00:02]} 70. Kg1 {[%emt
0:00:09]} Kc6 {[%emt 0:00:00]} 71. Kh1 {[%emt 0:00:30]} Nxd4 {[%emt 0:00:00]}
72. Kg1 {[%emt 0:00:02]} Kxc5 {[%emt 0:00:00]} 73. Kh1 {[%emt 0:00:01]} Nf5 {
[%emt 0:00:00]} 74. Kg1 {[%emt 0:00:01]} Ne3 {[%emt 0:00:01]} 75. Kh1 {[%emt
0:00:01]} d4 {[%emt 0:00:00]} 76. Kg1 {[%emt 0:00:01]} Kd5 {[%emt 0:00:01]} 77.
Kh1 {[%emt 0:00:01]} Ke4 {[%emt 0:00:00]} 78. Kg1 {[%emt 0:00:01]} Kf5 { [%emt
0:00:00]} 79. Kh1 {[%emt 0:00:01]} Kg4 {[%emt 0:00:00]} 80. Kg1 {[%emt
0:00:01]} Kh3 {[%emt 0:00:00]} 81. Kh1 {[%emt 0:00:01]} d3 {[%emt 0:00:00]} 82.
Kg1 {[%emt 0:00:01]} d2 {[%emt 0:00:02]} 83. Kh1 {[%emt 0:00:01]} d1=B { [%emt
0:00:05]} 84. Kg1 {[%emt 0:00:02]} f2+ {[%emt 0:00:01]} 0-1

[Event "DSJ Weihnachtsturnier U20 2020"]
[Site "https://play.chessbase.com/en/play?room=DSJWeihnachtU20"]
[Date "2020.12.29"]
[Round "5"]
[White "Bosselmann, Tom Linus"]
[Black "Bethke, Richard"]
[Result "0-1"]
[Termination "normal"]
[Board "8.1"]
[BlackTitle "FM"]
[WhiteElo "2060"]
[BlackElo "2332"]
[WhiteTeam "Lübecker SV von 1873 2"]
[BlackTeam "SF Neuberg"]
[PlyCount "84"]
[WhiteFideId "12983845"]
[BlackFideId "12959243"]
[EventRounds "7"]
[EventType "team-swiss"]
[EventDate "2020.12.29"]

1. e4 {[%emt 0:00:07]} c5 {[%emt 0:00:01]} 2. Nf3 {[%emt 0:00:01]} d6 {[%emt
0:00:01]} 3. d4 {[%emt 0:00:08]} cxd4 {[%emt 0:00:00]} 4. Nxd4 {[%emt 0:00:01]}
Nf6 {[%emt 0:00:01]} 5. Nc3 {[%emt 0:00:01]} a6 {[%emt 0:00:01]} 6. Be3 { [%emt
0:00:02]} e5 {[%emt 0:00:01]} 7. Nb3 {[%emt 0:00:01]} Be6 {[%emt 0:00:02] } 8.
f3 {[%emt 0:00:13]} h5 {[%emt 0:00:02]} 9. Qd2 {[%emt 0:00:03]} Nbd7 { [%emt
0:00:02]} 10. O-O-O {[%emt 0:00:10]} g6 {[%emt 0:00:12]} 11. h3 {[%emt
0:00:03]} Rc8 {[%emt 0:00:08]} 12. Be2 {[%emt 0:00:09]} b5 {[%emt 0:00:03]} 13.
g4 {[%emt 0:00:05]} b4 {[%emt 0:00:18]} 14. Nd5 {[%emt 0:00:03]} Bxd5 {[%emt
0:00:02]} 15. exd5 {[%emt 0:00:00]} a5 {[%emt 0:00:22]} 16. Kb1 {[%emt
0:00:04]} Bg7 {[%emt 0:00:09]} 17. g5 {[%emt 0:00:11]} Nh7 {[%emt 0:00:03]} 18.
f4 { [%emt 0:00:02]} O-O {[%emt 0:00:21]} 19. f5 {[%emt 0:00:07]} gxf5 {[%emt
0:00:02]} 20. h4 {[%emt 0:00:18]} f4 {[%emt 0:00:02]} 21. Bf2 {[%emt 0:00:03]}
a4 { [%emt 0:00:05]} 22. Nc1 {[%emt 0:00:02]} Nc5 {[%emt 0:00:28]} 23. Bxc5 {
[%emt 0:00:38]} Rxc5 {[%emt 0:00:04]} 24. Bxh5 {[%emt 0:00:09]} a3 {[%emt
0:00:19]} 25. Qxb4 {[%emt 0:00:37]} Qc7 {[%emt 0:00:17]} 26. g6 {[%emt
0:00:11]} Nf6 {[%emt 0:00:08]} 27. gxf7+ {[%emt 0:00:02]} Kh8 {[%emt 0:00:01]}
28. Bg6 { [%emt 0:00:04]} e4 {[%emt 0:00:27]} 29. Bxe4 {[%emt 0:00:34]} Rc4
{[%emt 0:00:12]} 30. Qxa3 {[%emt 0:00:06]} Nxe4 {[%emt 0:00:02]} 31. Qf3 {[%emt
0:00:12]} Qxf7 {[%emt 0:00:15]} 32. Nb3 {[%emt 0:00:07]} Rfc8 {[%emt 0:00:15]}
33. Rh2 { [%emt 0:00:06]} Qf5 {[%emt 0:00:23]} 34. h5 {[%emt 0:00:47]} Ng5
{[%emt 0:00:05]} 35. Qd3 {[%emt 0:01:22]} Qxd3 {[%emt 0:00:07]} 36. Rxd3 {[%emt
0:00:00]} f3 {[%emt 0:00:04]} 37. Na5 {[%emt 0:00:13]} Rg4 {[%emt 0:00:12]} 38.
a3 { [%emt 0:00:25]} Be5 {[%emt 0:00:04]} 39. Rh1 {[%emt 0:00:24]} f2 {[%emt
0:00:08]} 40. Rdd1 {[%emt 0:00:03]} Nf3 {[%emt 0:00:08]} 41. Rhf1 {[%emt
0:00:12]} Rg1 {[%emt 0:00:04]} 42. Nc6 {[%emt 0:00:07]} Rxf1 {[%emt 0:00:04]}
0-1

[Event "DSJ Weihnachtsturnier U20 2020"]
[Site "https://play.chessbase.com/en/play?room=DSJWeihnachtU20"]
[Date "2020.12.29"]
[Round "5"]
[White "Bethke, Robert"]
[Black "Bornholdt, Joa Max"]
[Result "1/2-1/2"]
[Termination "normal"]
[Board "8.2"]
[WhiteElo "2100"]
[BlackElo "1998"]
[WhiteTeam "SF Neuberg"]
[BlackTeam "Lübecker SV von 1873 2"]
[PlyCount "27"]
[WhiteFideId "12959251"]
[BlackFideId "16253477"]
[EventRounds "7"]
[EventType "team-swiss"]
[EventDate "2020.12.29"]

1. c4 {[%emt 0:00:04]} Nf6 {[%emt 0:00:12]} 2. Nc3 {[%emt 0:00:01]} e6 { [%emt
0:00:02]} 3. d4 {[%emt 0:00:02]} d5 {[%emt 0:00:02]} 4. cxd5 {[%emt 0:00:03]}
exd5 {[%emt 0:00:04]} 5. Nf3 {[%emt 0:00:00]} c6 {[%emt 0:00:01]} 6. Bf4 {
[%emt 0:00:05]} Bf5 {[%emt 0:00:02]} 7. e3 {[%emt 0:00:11]} Bd6 {[%emt 0:00:02]
} 8. Bg3 {[%emt 0:00:04]} O-O {[%emt 0:00:06]} 9. Bd3 {[%emt 0:00:05]} Bxd3 {
[%emt 0:00:02]} 10. Qxd3 {[%emt 0:00:01]} Re8 {[%emt 0:00:02]} 11. Ne5 { [%emt
0:00:01]} Ne4 {[%emt 0:00:26]} 12. Nxe4 {[%emt 0:00:12]} dxe4 {[%emt 0:00:00]}
13. Qb3 {[%emt 0:00:24]} Qa5+ {[%emt 0:00:25]} 14. Ke2 {[%emt 0:00:22]
Neuberg002 offers a draw} 1/2-1/2